000 00547nam a22001817a 4500
003 UA-OsUOA
001 14891
007 ta
008 20031023b un ||||| |||| 00| 0 ukr d
100 _aЗагорський Ю.
942 _cSA
040 _aUA-OsUOA
_cUA-OsUOA
_dUA-OsUOA
245 _aБалада про місто: [На конкурс "Рівно- 720"]
300 _aС.2
955 _a0
773 0 _w0
_tВісті Рівненщини
_dРівне
_d2003
_g№70/ 22 серп./
650 7 _aКраєзнавча робота
_2UDC
999 _c301055
_d301055